LIBRARY & INFORMATION CENTRE, KCAET, TAVANUR

ONLINE PUBLIC ACCESS CATALOGUE (OPAC)

ലോഹപ്പണി (Record no. 4688)

MARC details
000 -LEADER
fixed length control field 00354cam a2200133ua 4500
003 - CONTROL NUMBER IDENTIFIER
control field OSt
008 - FIXED-LENGTH DATA ELEMENTS--GENERAL INFORMATION
fixed length control field 180810b ||||| |||| 00| 0 eng d
082 ## - DEWEY DECIMAL CLASSIFICATION NUMBER
Classification number 671
Item number GRA/LO
100 ## - MAIN ENTRY--AUTHOR NAME
Personal name Graff, Heinz .
245 ## - TITLE STATEMENT
Title ലോഹപ്പണി
260 ## - PUBLICATION, DISTRIBUTION, ETC. (IMPRINT)
Place of publication Thiruvananthapuram :
Name of publisher State Instititute of Languages ,
Year of publication 1972.
300 ## - PHYSICAL DESCRIPTION
Number of Pages 116 ; .
942 ## - ADDED ENTRY ELEMENTS (KOHA)
Koha item type Books
Holdings
Withdrawn status Lost status Damaged status Home library Current library Date acquired Full call number Accession Number Koha item type
      KAUAET KAUAET 07/04/2012 671 13801 Books
      KAUAET KAUAET 07/04/2012 671 14128 Books
      KAUAET KAUAET 07/04/2012 671 14131 Books
Withdrawn     KAUAET KAUAET 07/04/2012 671 13623 Books
      KAUAET KAUAET 07/04/2012 671 13802 Books
      KAUAET KAUAET 07/04/2012 671 14130 Books
      KAUAET KAUAET 07/04/2012 671 14127 Books
Withdrawn     KAUAET KAUAET 16/11/2023 671 GRA/LO 14129 Books
free website counter